000 00553nam a2200181 4500
001 108598
003 ES-MaACL
005 20230906184654.0
007 t|
008 061121s1971 sp r ||||1| spa d
100 1 _aMonod, Jean.
_982257
245 1 4 _aLos `barjots`
_b: ensayo de etnología de las bandas jóvenes /
_cJean Monod; traducción de Pablo Grosschimd.
250 _a1ª. ed.
260 _aBarcelona :
_bSeix Barral,
_c1971.
300 _a377 p. ;
_c20 cm.
700 1 _aGrosschimd, Pablo.
_960174
852 _aES-MaACL
_jC-39203
_bR.76440
999 _c108598
_d108598